Amino-acid content of foods and biological data on proteins.

Bibliographic Details
Corporate Author: Food and Agriculture Organization of the United Nations. Food Policy and Food Science Service
Format: Book
Language:English
French
Spanish
Published: Rome, [publisher not identified] ; 1970.
Series:FAO nutritional studies ; no. 24.
Subjects:

MARC

Tag First Indicator Second Indicator Subfields
LEADER 00000cam a2200000 4500
001 in00000094859
005 20150927110555.0
008 720127s1970 it b 00100 eng
010 |a  72882133  
015 |a B70-24019 
020 |a 0119402203  |c 96/- 
035 |a (OCoLC)00240481 
035 |9 AAL6735AM 
040 |a DLC  |c DLC  |d TXA  |d UtOrBLW 
041 0 |a eng  |a fre  |a spa 
049 |a TXAM  |c [1087538] 
050 0 0 |a TX553.A5  |b F65 
082 0 |a 641.1/2 
090 |a TX341  |b .F68 no. 24 
110 2 |a Food and Agriculture Organization of the United Nations.  |b Food Policy and Food Science Service. 
245 1 0 |a Amino-acid content of foods and biological data on proteins. 
264 1 |a Rome,  |b [publisher not identified] ;  |c 1970. 
300 |a x, 285 pages ;  |c 28 cm. 
336 |a text  |b txt  |2 rdacontent 
337 |a unmediated  |b n  |2 rdamedia 
338 |a volume  |b nc  |2 rdacarrier 
490 1 |a FAO nutritional studies, no. 24 
500 |a Titles also in French and Spanish: Teneur des aliments en acides amines et donnees biologiques sur les proteines. Contenido en aminoacidos de losalimentos y datos biologicos sobre las proteinas. 
500 |a English, French and Spanish. 
504 |a Bibliography: pages 260-275. 
650 0 |a Amino acids. 
650 0 |a Food  |x Composition. 
650 0 |a Food  |x Tables. 
740 0 |a Teneur des aliments en acides amines et donnees biologiques sur les proteines. 
740 0 |a Contenido en aminoacidos de los alimentos y datos biologicos sobre las proteinas. 
830 0 |a FAO nutritional studies ;  |v no. 24. 
999 |a MARS 
999 f f |s ef9cbfaf-fc26-3815-8c85-cdccc70e902c  |i ab2a1326-2df8-3f9f-a46c-bb6406a9df50  |t 0 
952 f f |p normal  |a Texas A&M University  |b College Station  |c Sterling C. Evans Library  |d Evans: Library Stacks  |t 0  |e TX341 .F68 no. 24  |h Library of Congress classification  |i unmediated -- volume  |m A14805670035 
998 f f |a TX341 .F68 no. 24  |t 0  |l Evans: Library Stacks